[Event "Challenge"]
[Site "http://www.queenalice.com/game.php?id=835992"]
[Date "2010.9.21"]
[Round "-"]
[White "cazzo"]
[Black "andregor"]
[Result "1-0"]
[WhiteElo "2292"]
[BlackElo "2168"]

1. d4 e6 2. c4 b6 3. e4 Bb7 4. Nc3 Bb4 5. f3 f5 6. exf5 Nh6 7. fxe6 Nf5 8. Bd3
Qh4+ 9. Kf1 O-O 10. Nd5 Bd6 11. Bxf5 Rxf5 12. g3 Qd8 13. e7 Qe8 14. Qc2 Rxd5 15.
cxd5 Bxd5 16. Qf5 Bc4+ 17. Kg2 Nc6 18. Bg5 h6 19. Qf8+ Qxf8 20. exf8=Q+ Rxf8 21.
Be3 Re8 22. Bf2 Nb4 23. b3 Bd5 24. g4 Nc2 25. Rd1 Ne3+ 26. Bxe3 Rxe3 27. Rf1 Bb4
28. Rf2 Be1 29. Rc2 c6 30. h4 Rd3 31. Kf1 Bb4 32. Kf2 Rxd4 33. Ne2 Rxg4 34. fxg4
Bxh1 35. Nc3 Be7 36. Kg3 c5 37. Rd2 Bc6 38. Nd5 Bd8 39. Ne3 Bf6 40. Re2 d5 41.
g5 hxg5 42. hxg5 Bb5 43. Rf2 Be5+ 44. Kg4 Bd7+ 45. Kf3 d4 46. Nd5 Kh7 47. Nf4
Bc6+ 48. Kg4 Bd7+ 49. Kf3 Bc7 50. Re2 Bd6 51. Ke4 Bc6+ 52. Kf5 Bd7+ 53. Ke4 Bc6+
54. Kf5 Kg8 55. g6 b5 56. Rd2 a5 57. a3 Be8 58. Ne6 Be7 59. b4 axb4 60. axb4 c4
61. Ra2 Bc6 62. Ra7 Bf8 63. Rf7 1-0

[Event "Challenge"]
[Site "http://www.queenalice.com/game.php?id=837651"]
[Date "2010.9.25"]
[Round "-"]
[White "andregor"]
[Black "cazzo"]
[Result "0-1"]
[WhiteElo "2186"]
[BlackElo "2253"]

1. d4 d5 2. Bg5 h6 3. Bh4 c6 4. Nc3 Qb6 5. Qd2 Qxb2 6. Rb1 Qa3 7. f3 Nd7 8. e4
e6 9. Bd3 dxe4 10. fxe4 Be7 11. Nf3 e5 12. Bf2 Qa5 13. Ne2 Qxd2+ 14. Kxd2 Bd6
15. Bg3 f6 16. Rhf1 Ne7 17. a4 O-O 18. h4 Rd8 19. h5 b6 20. Bc4+ Kh7 21. Bd3 Bb8
22. c3 c5 23. d5 c4 24. Bc2 Kg8 25. Nh4 Nc5 26. Bf2 Nb7 27. Ng3 Bc7 28. Be3 Bg4
29. Bd1 Bd7 30. Bc2 Nd6 31. Rb4 Rac8 32. Bf2 Bg4 33. Nf3 Nb7 34. Rxc4 Na5 35.
Rb4 Bd6 36. Rbb1 Rc4 37. Be1 Rdc8 38. Ke2 f5 39. Rh1 Nxd5 40. exd5 e4 41. Kf1
Bxg3 42. Bxg3 Rxc3 43. Bd1 exf3 44. gxf3 Bxf3 45. Bxf3 Rxf3+ 46. Kg2 Ra3 47.
Rbc1 Nc4 48. d6 Rd3 49. Rhe1 Kh7 0-1

[Event "Challenge"]
[Site "http://www.queenalice.com/game.php?id=837652"]
[Date "2010.9.25"]
[Round "-"]
[White "cazzo"]
[Black "andregor"]
[Result "1-0"]
[WhiteElo "2226"]
[BlackElo "2178"]

1. d4 e6 2. c4 b6 3. e4 Bb7 4. Nc3 Bb4 5. f3 f5 6. exf5 Nh6 7. fxe6 Nf5 8. Bf4
O-O 9. Qd2 dxe6 10. O-O-O Qxd4 11. Qxd4 Nxd4 12. Rxd4 c5 13. Rd6 Rxf4 14. Nh3
Rh4 15. Ng5 Nc6 16. Nb5 Re8 17. Bd3 Ne5 18. Rd1 h6 19. Nc7 Rc8 20. Bh7+ Kf8 21.
Ngxe6+ Ke7 22. f4 Nf7 23. Rd7+ Kf6 24. Nb5 Bc6 25. Rxf7+ Kxf7 26. Nd6+ Kxe6 27.
Nxc8 Bxg2 28. Rd6+ Kf7 29. Bg6+ Kf8 30. Rd8# 1-0

[Event "Challenge"]
[Site "http://www.queenalice.com/game.php?id=840178"]
[Date "2010.9.30"]
[Round "-"]
[White "andregor"]
[Black "eddval"]
[Result "1-0"]
[WhiteElo "2156"]
[BlackElo "2115"]

1. e4 e5 2. Nf3 Nc6 3. Bb5 a6 4. Ba4 b5 5. Bb3 Bc5 6. O-O Nf6 7. Nxe5 Bxf2+ 8.
Rxf2 Nxe5 9. d4 Nc4 10. e5 Ne4 11. Qg4 Nxf2 12. Qxg7 Rf8 13. Bg5 f6 14. Bxf6
Rxf6 15. exf6 Qxf6 16. Qxf6 Nd1 17. Na3 Nde3 18. Nxc4 bxc4 19. Re1 1-0

[Event "Challenge"]
[Site "http://www.queenalice.com/game.php?id=849091"]
[Date "2010.10.21"]
[Round "-"]
[White "andregor"]
[Black "eddval"]
[Result "1-0"]
[WhiteElo "2155"]
[BlackElo "2145"]

1. e4 c5 2. Nf3 e6 3. d4 cxd4 4. Nxd4 a6 5. Nc3 Qc7 6. Be2 Nc6 7. O-O Nf6 8. Be3
d5 9. exd5 exd5 10. Bg5 Be6 11. Nxe6 fxe6 12. Re1 O-O-O 13. Bg4 Bb4 14. Bxe6+
Kb8 15. Bxf6 gxf6 16. Nxd5 Bxe1 17. Nxc7 Rxd1 18. Rxd1 Kxc7 19. Rxe1 Re8 20. Kf1
Nd4 21. Bb3 Rc8 22. Bd5 Nxc2 23. Re7+ Kd6 24. Bxb7 Rc5 25. Rxh7 Nb4 26. a3 Nd3
27. Rh6 Ke7 28. Rh3 Nxb2 29. Bxa6 Ra5 30. Be2 Rc5 31. Ke1 1-0

[Event "Challenge"]
[Site "http://www.queenalice.com/game.php?id=857784"]
[Date "2010.11.11"]
[Round "-"]
[White "andregor"]
[Black "eddval"]
[Result "1-0"]
[WhiteElo "2201"]
[BlackElo "2116"]

1. e4 e5 2. Nf3 Nf6 3. Nxe5 d6 4. Nf3 Nxe4 5. Qe2 Qe7 6. d3 Nf6 7. Bg5 Nbd7 8.
Nc3 c6 9. Ne4 d5 10. Nd6+ Kd8 11. Bf4 Qxe2+ 12. Bxe2 Bxd6 13. Bxd6 Nb6 14. O-O
Be6 15. Rfe1 Kd7 16. Bf4 Rae8 17. a4 a6 18. a5 Nc8 19. Ne5+ Kd8 20. d4 Ne7 21.
f3 Nd7 22. Bd3 f6 23. Ng4 Nc8 24. Ne3 Nf8 25. Bg3 Ne7 26. c3 Kd7 27. Ra3 g6 28.
c4 dxc4 29. Nxc4 Bxc4 30. Bxc4 Nf5 31. Rxe8 Kxe8 32. Rb3 Nxd4 33. Rxb7 Nd7 34.
Bxa6 Ke7 35. Bd3 Ra8 36. b4 Ne6 37. a6 Kd8 38. Bd6 Kc8 39. b5 Ndc5 40. bxc6 Nxd3
41. a7 1-0

[Event "Challenge"]
[Site "http://www.queenalice.com/game.php?id=858598"]
[Date "2010.11.13"]
[Round "-"]
[White "andregor"]
[Black "eddval"]
[Result "1-0"]
[WhiteElo "2190"]
[BlackElo "2137"]

1. d4 Nf6 2. Bg5 Ne4 3. Bh4 g5 4. f3 gxh4 5. fxe4 c5 6. e3 Qb6 7. Nc3 Qxb2 8.
Nd5 Kd8 9. Rb1 Qxa2 10. Ra1 Qb2 11. Bc4 e6 12. Ra2 Qxa2 13. Bxa2 exd5 14. Bxd5
Nc6 15. Qh5 cxd4 16. exd4 Bb4+ 17. Kf2 Ne7 18. Qxh4 a5 19. Nf3 Ra6 20. c3 Bxc3
21. Rc1 Bb4 22. Ne5 1-0

[Event "Challenge"]
[Site "http://www.queenalice.com/game.php?id=858599"]
[Date "2010.11.13"]
[Round "-"]
[White "andregor"]
[Black "eddval"]
[Result "1-0"]
[WhiteElo "2173"]
[BlackElo "2145"]

1. d4 d5 2. Bg5 h6 3. Bh4 c6 4. Nc3 Bf5 5. Qd2 Qa5 6. f3 e6 7. e4 Bh7 8. O-O-O
Bb4 9. Nge2 dxe4 10. fxe4 Bxe4 11. a3 Bxc3 12. Nxc3 Bg6 13. Qe1 Ne7 14. d5 cxd5
15. Bxe7 1-0

[Event "AUTO-OPEN-2013"]
[Site "http://www.queenalice.com/game.php?id=861064"]
[Date "2010.11.20"]
[Round "2"]
[White "FabioSelinger"]
[Black "andregor"]
[Result "0-1"]
[WhiteElo "2038"]
[BlackElo "2194"]

1. e4 e6 2. Qe2 Be7 3. g3 Nc6 4. Bg2 d5 5. d3 Nd4 6. Qd1 dxe4 7. Bxe4 Nf6 8. Bg2
e5 9. Nf3 Bg4 10. h3 Bxf3 11. Bxf3 c6 12. c3 Nxf3+ 13. Qxf3 Qd7 14. Be3 Qxd3 15.
Nd2 O-O 16. O-O-O Nd5 17. Ne4 Qc4 18. Bg5 f5 19. Bxe7 fxe4 20. Qg4 Nxe7 21. f4
exf4 22. gxf4 Nd5 23. Rhg1 Rf7 24. Qe6 Qxa2 25. Rg3 Qa1+ 26. Kc2 Qa4+ 27. Kc1
Nxf4 28. Rxg7+ Kxg7 29. Rg1+ Ng6 30. Qe5+ Kg8 31. Qg5 Rf2 0-1

[Event "AUTO-OPEN-2013"]
[Site "http://www.queenalice.com/game.php?id=861065"]
[Date "2010.11.20"]
[Round "2"]
[White "andregor"]
[Black "FabioSelinger"]
[Result "1-0"]
[WhiteElo "2184"]
[BlackElo "2071"]

1. d4 d5 2. Bg5 Nd7 3. Nc3 c6 4. Qd2 Ngf6 5. f3 e6 6. O-O-O Qa5 7. e4 Bb4 8. e5
Bxc3 9. Qxc3 Qxc3 10. bxc3 c5 11. exf6 gxf6 12. Bh4 c4 13. Nh3 b5 14. g4 a5 15.
Nf4 b4 16. Kd2 Bb7 17. Rb1 e5 18. Nh5 Ba6 19. Nxf6+ Nxf6 20. Bxf6 bxc3+ 21. Kxc3
exd4+ 22. Bxd4 Rg8 23. Bh3 Ke7 24. Rhe1+ Kd8 25. g5 Re8 26. Bb6# 1-0

[Event "AUTO-OPEN-2013"]
[Site "http://www.queenalice.com/game.php?id=861070"]
[Date "2010.11.20"]
[Round "2"]
[White "Kuroi"]
[Black "andregor"]
[Result "0-1"]
[WhiteElo "1707"]
[BlackElo "2190"]

1. e4 e6 2. Nc3 d5 3. d4 Bb4 4. e5 c5 5. Qg4 Ne7 6. Qxg7 Rg8 7. Qxh7 cxd4 8. Bd2
dxc3 9. bxc3 Qc7 10. cxb4 Qxe5+ 11. Be3 Qxa1+ 12. Ke2 Bd7 13. Qd3 a6 14. a3 Bb5
0-1

[Event "AUTO-OPEN-2013"]
[Site "http://www.queenalice.com/game.php?id=861071"]
[Date "2010.11.20"]
[Round "2"]
[White "andregor"]
[Black "Kuroi"]
[Result "1-0"]
[WhiteElo "2193"]
[BlackElo "1717"]

1. e4 e5 2. Nf3 Nf6 3. Nxe5 d6 4. Nf3 Nxe4 5. Qe2 Bf5 6. d3 Qe7 7. dxe4 Qxe4 8.
Nd4 Qxe2+ 9. Bxe2 Bg6 10. Bf3 c6 11. O-O d5 12. Re1+ Be7 13. Bg5 f6 14. Bf4 c5
15. Bxd5 cxd4 16. Bxb7 Nd7 17. Bxa8 Bxc2 18. Na3 d3 19. Nxc2 dxc2 20. Rac1 Kf7
21. Bd5+ Kf8 22. Rxc2 Nb6 23. Bb3 g5 24. Rc7 Bb4 25. Rf7+ 1-0

[Event "Challenge"]
[Site "http://www.queenalice.com/game.php?id=901000"]
[Date "2011.2.15"]
[Round "-"]
[White "andregor"]
[Black "yamato"]
[Result "1-0"]
[WhiteElo "2169"]
[BlackElo "2289"]

1. e4 c5 2. Nf3 d6 3. d4 cxd4 4. Nxd4 Nf6 5. Nc3 Nc6 6. Be2 e5 7. Nf3 h6 8. O-O
Be6 9. Qd3 Be7 10. Rd1 O-O 11. a3 a6 12. Be3 Qc7 13. Nd5 Bxd5 14. exd5 e4 15.
Qc4 exf3 16. Bxf3 Rfc8 17. dxc6 bxc6 18. Bf4 Rd8 19. Qxc6 Qxc6 20. Bxc6 Rac8 21.
Bb7 Rxc2 22. b4 d5 23. Bxa6 Ne4 24. Bd3 Rxf2 25. Bc7 1-0

[Event "Challenge"]
[Site "http://www.queenalice.com/game.php?id=901001"]
[Date "2011.2.15"]
[Round "-"]
[White "FLEURY"]
[Black "andregor"]
[Result "0-1"]
[WhiteElo "2222"]
[BlackElo "2197"]

1. e4 e6 2. d4 d5 3. Nd2 Nf6 4. Bd3 c5 5. c3 cxd4 6. cxd4 dxe4 7. Nxe4 Nxe4 8.
Bxe4 Bb4+ 9. Bd2 Qh4 10. Bf3 Bxd2+ 11. Qxd2 O-O 12. Qe3 Rd8 13. Ne2 Nc6 14. O-O
Nxd4 15. Nxd4 Rxd4 16. Rfd1 Rxd1+ 17. Rxd1 Qe7 18. Rc1 e5 19. Rc5 f6 20. g3 Bh3
21. Rb5 Rd8 22. Qxa7 e4 23. Be2 Kh8 24. Rxb7 Qd6 25. Bf1 Qd1 26. Qa6 h6 27. Qb5
Kh7 0-1

[Event "Challenge"]
[Site "http://www.queenalice.com/game.php?id=908599"]
[Date "2011.3.4"]
[Round "-"]
[White "Gabrisco"]
[Black "andregor"]
[Result "1-0"]
[WhiteElo "2111"]
[BlackElo "2183"]

1. Nc3 e6 2. d4 d5 3. Bf4 Nf6 4. e3 Be7 5. Qf3 O-O 6. O-O-O a6 7. h4 b5 8. a3
Nbd7 9. g4 Bb7 10. g5 Ne8 11. Qg2 c5 12. dxc5 Bxc5 13. h5 Rc8 14. Nge2 Nd6 15.
b4 Nc4 16. g6 Be7 17. h6 fxg6 18. hxg7 Rf6 19. Ng3 1-0

[Event "Challenge"]
[Site "http://www.queenalice.com/game.php?id=918268"]
[Date "2011.3.27"]
[Round "-"]
[White "andregor"]
[Black "Diemerlin"]
[Result "1-0"]
[WhiteElo "2185"]
[BlackElo "2200"]

1. e4 e5 2. Nf3 Nc6 3. Bb5 a6 4. Ba4 Nf6 5. O-O b5 6. Bb3 d6 7. Re1 Be7 8. c3
O-O 9. h3 Na5 10. Bc2 c5 11. d4 1-0

[Event "Challenge"]
[Site "http://www.queenalice.com/game.php?id=918305"]
[Date "2011.3.28"]
[Round "-"]
[White "FLEURY"]
[Black "andregor"]
[Result "1-0"]
[WhiteElo "2274"]
[BlackElo "2197"]

1. e4 e6 2. d4 d5 3. Nc3 Bb4 4. e5 c5 5. a3 Bxc3+ 6. bxc3 Ne7 7. Nf3 Nbc6 8. Be2
Qa5 9. O-O Bd7 10. Rb1 Qc7 11. dxc5 Ng6 12. c4 Nce7 13. cxd5 Nxd5 14. Qd4 Bc6
15. c4 Nde7 16. Qd6 Qc8 17. Qd3 O-O 18. Qc3 Be4 19. Rb5 Rd8 20. Bg5 h6 21. Bxe7
Nxe7 22. Nd2 Bc6 23. Rbb1 Ng6 24. f4 Nh4 25. Rf2 a5 26. a4 Nf5 27. Nb3 Qc7 28.
Ra1 Rd7 29. Bd3 Qd8 30. Bxf5 exf5 31. Rd2 1-0

[Event "Challenge"]
[Site "http://www.queenalice.com/game.php?id=918317"]
[Date "2011.3.28"]
[Round "-"]
[White "Daciolg"]
[Black "andregor"]
[Result "1-0"]
[WhiteElo "2162"]
[BlackElo "2196"]

1. e4 e6 2. d4 d5 3. exd5 exd5 4. Bd3 Bd6 5. Be3 Nc6 6. c3 Nge7 7. Ne2 Bf5 8.
Qc2 Qd7 9. Nd2 O-O-O 10. Bf4 Bxf4 11. Nxf4 g5 12. Nh5 Qe6+ 13. Kf1 Qg6 14. Bxf5+
Nxf5 15. Qd1 Rhe8 16. g3 Rd6 17. Qg4 Kb8 18. Nf3 1-0

[Event "Challenge"]
[Site "http://www.queenalice.com/game.php?id=918358"]
[Date "2011.3.28"]
[Round "-"]
[White "andregor"]
[Black "Daciolg"]
[Result "0-1"]
[WhiteElo "2210"]
[BlackElo "2148"]

1. e4 c5 2. Nf3 d6 3. d4 cxd4 4. Nxd4 Nf6 5. Nc3 a6 6. Be2 e6 7. O-O Be7 8. Be3
O-O 9. f4 Nbd7 10. Bf3 Qc7 11. Qe1 Rb8 12. Rd1 b5 13. e5 dxe5 14. Nc6 Bd6 15.
Qd2 Ne8 16. Ne4 exf4 17. Nxd6 fxe3 0-1

[Event "AUTO-OPEN-2013"]
[Site "http://www.queenalice.com/game.php?id=987329"]
[Date "2011.9.19"]
[Round "3"]
[White "andregor"]
[Black "luciano"]
[Result "0-1"]
[WhiteElo "2187"]
[BlackElo "2094"]

1. e4 c5 2. Nf3 Nc6 3. d4 cxd4 4. Nxd4 e5 5. Nb5 d6 6. N1c3 a6 7. Na3 Nf6 8. Bg5
Be7 9. Nc4 O-O 10. Bxf6 Bxf6 11. Qxd6 Bg5 12. Bd3 Be6 0-1

[Event "AUTO-OPEN-2013"]
[Site "http://www.queenalice.com/game.php?id=987330"]
[Date "2011.9.19"]
[Round "3"]
[White "luciano"]
[Black "andregor"]
[Result "1-0"]
[WhiteElo "2111"]
[BlackElo "2172"]

1. e4 e6 2. d4 d5 3. Nc3 Bb4 4. e5 c5 5. a3 Bxc3+ 6. bxc3 Ne7 7. Nf3 Nbc6 8. Be2
Qa5 9. Bd2 Bd7 10. O-O c4 11. Qc1 O-O-O 12. Qb2 Rdg8 13. Rfb1 Qc7 14. Ng5 Nd8
15. f4 f6 16. Nf3 Nf7 17. a4 1-0

[Event "Challenge"]
[Site "http://www.queenalice.com/game.php?id=1309212"]
[Date "2014.9.19"]
[Round "-"]
[White "szybkielanie"]
[Black "andregor"]
[Result "0-1"]
[WhiteElo "2261"]
[BlackElo "2158"]

1. e4 e6 2. d4 d5 3. Nc3 Bb4 4. e5 c5 5. Bd2 Nc6 6. Nb5 Bxd2+ 7. Qxd2 Nxd4 8.
Nd6+ Kf8 9. c3 Nf5 10. Nxf5 exf5 11. O-O-O Be6 12. Nh3 Ne7 13. Nf4 Qb6 14. Nxe6+
fxe6 15. h3 Kf7 16. Be2 Rhf8 17. Qg5 Qc7 18. f4 c4 19. g4 b5 20. gxf5 Nxf5 21.
Rhg1 Kg8 22. Bg4 g6 23. h4 b4 24. h5 bxc3 25. hxg6 Qb6 26. gxh7+ Kh8 27. b3 Qf2
0-1